| 000 | 00747nam a2200229 a 4500 | ||
|---|---|---|---|
| 001 | 61700 | ||
| 005 | 20180714063437.0 | ||
| 008 | 141111s2013 mx r 000 spa d | ||
| 020 | _a978-607-8331-74-1 | ||
| 041 | _aspa | ||
| 082 | 0 |
_a657.452 _bCOM |
|
| 110 | 1 |
_aComisión de Normas de Auditoría y Aseguramiento, _eautor |
|
| 245 | 1 | 0 |
_aGuías de auditoría / _cComisión de Normas de Auditoría y Aseguramiento. |
| 250 | _a2a edición. | ||
| 264 | 1 |
_aMéxico : _bInstituto Mexicano de Contadores Públicos, _c2013 |
|
| 300 |
_a251 páginas ; _c18 cm. |
||
| 336 |
_atexto _2rdacontent |
||
| 337 |
_asin mediación _2rdamedia |
||
| 338 |
_avolumen _2rdacarrier |
||
| 490 | 0 | _aColección Auditoría | |
| 650 | 0 | _aAuditoría | |
| 999 |
_c61700 _d61700 |
||